Indian local government : (Record no. 135477)

MARC details
000 -LEADER
fixed length control field 00763nam a22002417a 4500
005 - DATE AND TIME OF LATEST TRANSACTION
control field 20170124110245.0
010 ## - LIBRARY OF CONGRESS CONTROL NUMBER
LC control number 919673
020 ## - INTERNATIONAL STANDARD BOOK NUMBER
Terms of availability 00.00
International Standard Book Number 0836400356
035 ## - SYSTEM CONTROL NUMBER
System control number 919673
037 ## - SOURCE OF ACQUISITION
Source of stock number/acquisition Cen Lib/Ret
040 ## - CATALOGING SOURCE
Original cataloging agency DPL
Language of cataloging HN
082 ## - DEWEY DECIMAL CLASSIFICATION NUMBER
Classification number 352.054
Item number BHA
100 ## - MAIN ENTRY--PERSONAL NAME
Personal name Bhargava, B.S.
9 (RLIN) 97329
245 ## - TITLE STATEMENT
Title Indian local government :
Statement of responsibility, etc by B.S. Bhargava [and] S. Rama Rao
Remainder of title a study /
260 ## - PUBLICATION, DISTRIBUTION, ETC. (IMPRINT)
Place of publication, distribution, etc Calcutta
Name of publisher, distributor, etc Minerva Associates
Date of publication, distribution, etc 1978
270 ## - ADDRESS
Address 7-B, lake palce
City Calcutta
Postal code 700029
300 ## - PHYSICAL DESCRIPTION
Extent vii, 247p.
Dimensions 21cm(Hb)
500 ## - GENERAL NOTE
General note Includes bibliographical references
650 ## - SUBJECT ADDED ENTRY--TOPICAL TERM
Topical term or geographic name as entry element Local government -- India.
9 (RLIN) 16962
650 ## - SUBJECT ADDED ENTRY--TOPICAL TERM
Topical term or geographic name as entry element Panchayat -- India.
General subdivision
9 (RLIN) 97330
700 ## - ADDED ENTRY--PERSONAL NAME
Personal name Rao, S. Rama
9 (RLIN) 97331
942 ## - ADDED ENTRY ELEMENTS (KOHA)
Source of classification or shelving scheme Dewey Decimal Classification
Koha item type English Books
Classification part 352.054
Call number suffix BHA
Holdings
Withdrawn status Lost status Damaged status Not for loan Home library Current library Date acquired Source of acquisition Cost, normal purchase price Total Checkouts Full call number Barcode Date last seen Copy number Cost, replacement price Price effective from Koha item type Public note
Written off       Central Library Central Library 06/10/2015 Cen Lib/Ret 0.00   352.054 BHA 919673 06/10/2015 1 0.00 06/10/2015 English Books Written off on approval by DLB (By Circulation); dtd 15-06-2023

© Delhi Public Library
Hit Counter
free hit counter